Visualizzazione normale
Vista MARC
- Neira Martínez, Jesús,
di Personal Name
Records bibliografici associati: 1
001 - CONTROL NUMBER
- control field: 60135
003 - CONTROL NUMBER IDENTIFIER
- control field: IT-RoINE
005 - DATE AND TIME OF LATEST TRANSACTION
- control field: 20190624092222.0
008 - FIXED-LENGTH DATA ELEMENTS
- fixed length control field: 190530|| aca||aabn | a|a d
040 ## - CATALOGING SOURCE
- Original cataloging agency: IT-RoINE
- Transcribing agency: IT-RoINE
100 1# - HEADING--PERSONAL NAME
- Personal name: Neira Martínez, Jesús,
- Dates associated with a name: 1916-2011
400 1# - SEE FROM TRACING--PERSONAL NAME
- Personal name: Neira, Jesús,
- Dates associated with a name: 1916-2011
670 ## - SOURCE DATA FOUND
- Source citation: Work cat.: (IT-RoINE)0: Neira Martínez, Jesús, 1916-2011, El bable, estructura e historia, 1976.